Countries with Pointercrate registered players - Statistics

General Stats
  • This quiz has been taken 22 times
  • The average score is 45 of 70
Answer Stats
Number of players Rank of First national player Country % Correct
29 16 Germany
100%
10 20 Mexico
100%
44 11 Russia
100%
50+ 1 United States
100%
46 6 Canada
94%
6 65 China
94%
29 12 France
94%
2 224 Japan
94%
19 54 Spain
94%
6 131 Portugal
88%
33 33 United Kingdom
88%
17 52 Brazil
82%
14 133 Finland
82%
1 621 India
82%
12 106 Italy
82%
8 245 Norway
82%
50+ 4 South Korea
82%
15 44 Sweden
82%
2 226 Iceland
76%
13 147 Netherlands
76%
17 50 Argentina
71%
16 64 Australia
71%
5 95 Belgium
71%
3 230 Colombia
71%
3 194 New Zealand
71%
26 40 Poland
71%
3 7 South Africa
71%
3 944 Switzerland
71%
6 234 Ukraine
71%
6 223 Vietnam
71%
4 273 Chile
65%
8 29 Denmark
65%
2 93 Estonia
65%
6 136 Ireland
65%
9 129 Peru
65%
3 198 Slovakia
65%
1 384 Turkey
65%
8 260 Venezuela
65%
4 218 Austria
59%
2 449 Belarus
59%
3 112 Indonesia
59%
4 142 Israel
59%
3 515 Latvia
59%
4 258 Lithuania
59%
13 48 Romania
59%
1 229 Saudi Arabia
59%
1 196 Taiwan
59%
3 597 Thailand
59%
3 939 Bulgaria
53%
2 692 Costa Rica
53%
3 175 Serbia
53%
1 799 Singapore
53%
1 318 Slovenia
53%
1 243 Algeria
47%
1 502 Azerbaijan
47%
3 14 Cuba
47%
5 98 Czechia
47%
1 235 Paraguay
47%
1 508 Tunisia
47%
1 1596 Armenia
41%
1 214 Hungary
41%
2 262 Kazakhstan
41%
1 37 Qatar
41%
2 53 Jamaica
35%
1 152 Malta
35%
2 225 Philippines
35%
1 1008 Liechtenstein
29%
1 622 Dominican Republic
24%
1 625 Palestine
24%
1 565 Puerto Rico
6%
No matching quizzes found
Score Distribution
Percent of People with Each Score
Percentile by Number Answered
Your Score History
You have not taken this quiz